UBT Library

COLOR TEXBOOK HISTOLOGY (Record no. 10070)

000 -LEADER
fixed length control field 00305nam a22001337a 4500
008 - FIXED-LENGTH DATA ELEMENTS--GENERAL INFORMATION
fixed length control field 170407b xxu||||| |||| 00| 0 eng d
020 ## - INTERNATIONAL STANDARD BOOK NUMBER
International Standard Book Number 9781416029458
041 ## - LANGUAGE CODE
Language code of text/sound track or separate title eng
080 ## - UNIVERSAL DECIMAL CLASSIFICATION NUMBER
Edition identifier 3 ED
Universal Decimal Classification number 611.018
100 ## - Rafti
Rafti 9
101 ## - Shkurtesa
Shkurtesa SHM
245 ## - TITLE STATEMENT
Title COLOR TEXBOOK HISTOLOGY
Statement of responsibility, etc GARTNER.L.P
942 ## - ADDED ENTRY ELEMENTS (KOHA)
Source of classification or shelving scheme
Item type Books
Holdings
Withdrawn status Lost status Source of classification or shelving scheme Damaged status Not for loan Collection code Permanent location Current location Shelving location Date acquired Total Checkouts Full call number Barcode Date last seen Price effective from Koha item type
          Koleksioni i përgjithshem UBT - Lipjan UBT - Lipjan Koleksioni i përgjithshem 04/07/2017   611.018 GAR 002-279049 04/07/2017 04/07/2017 Books
UBT Library © 2015-2024. All rights reserved University Education for Business and Technology